000
00309 a2200133 4500
001
47962
040
_c
Anchieta - Aquarius
100
_a
Quintiliano, Eliú
240
1
0
_a
Amanda e os Nanorobôs
_l
por
245
1
0
_a
Amanda e os Nanorobôs
300
_a
494
650
4
_a
Literatura infanto-juvenil
942
_c
BK
999
_c
47962
_d
47962